BUBT Library Online Catalog

Lawman Legal Skills Series Legal Research/ (Record no. 7340)

000 -LEADER
fixed length control field 00687nam a22002417a 4500
003 - CONTROL NUMBER IDENTIFIER
control field BUBTL
008 - FIXED-LENGTH DATA ELEMENTS--GENERAL INFORMATION
fixed length control field 240801b ||||| |||| 00| 0 eng d
020 ## - INTERNATIONAL STANDARD BOOK NUMBER
International Standard Book Number 8175040211
041 ## - LANGUAGE CODE
Language code of text/sound track or separate title English
082 ## - DEWEY DECIMAL CLASSIFICATION NUMBER
Classification number 001.4/ St765l/ 1999
100 ## - MAIN ENTRY--PERSONAL NAME
9 (RLIN) 5871
Personal name Stott, David
245 ## - TITLE STATEMENT
Title Lawman Legal Skills Series Legal Research/
Remainder of title David Stott
Statement of responsibility, etc.
Medium
250 ## - EDITION STATEMENT
Edition statement 2nd edn.
260 ## - PUBLICATION, DISTRIBUTION, ETC. (IMPRINT)
Place of publication, distribution, etc. New Delhi :
Name of publisher, distributor, etc. Lawman Private Limited,
Date of publication, distribution, etc. c1999
300 ## - PHYSICAL DESCRIPTION
Extent [xii], 183 p. :
Other physical details ill. ; 21 cm.
500 ## - GENERAL NOTE
General note Includes Index.
505 ## - FORMATTED CONTENTS NOTE
Formatted contents note Legal Research, David Stott
526 ## - STUDY PROGRAM INFORMATION NOTE
Program name Law
650 #0 - SUBJECT ADDED ENTRY--TOPICAL TERM
9 (RLIN) 26
Topical term or geographic name as entry element Law
856 ## - ELECTRONIC LOCATION AND ACCESS
Password 0
Logon 0
Link text Download
942 ## - ADDED ENTRY ELEMENTS (KOHA)
Source of classification or shelving scheme
Koha item type Books
Holdings
Withdrawn status Lost status Source of classification or shelving scheme Damaged status Not for loan Collection code Permanent location Current location Shelving location Date acquired Source of acquisition Inventory number Total Checkouts Full call number Barcode Date last seen Copy number Price effective from Koha item type
        Not For Loan Non-fiction Bangladesh University of Business and Technology Library Bangladesh University of Business and Technology Library Law Stacks 03/27/2016 Purchase 22144   001.4/ St765l/ 1999 BUBTL-200322144 08/01/2024 C-1 08/01/2024 Books
        Not For Loan Non-fiction Bangladesh University of Business and Technology Library Bangladesh University of Business and Technology Library Law Stacks 03/27/2016 Purchase 22145   001.4/ St765l/ 1999 BUBTL-200322145 08/01/2024 C-2 08/01/2024 Books

More Information About Library

Library Hours

  • Open: 9.00 am. to 9.00 pm.
  • Only Sunday: 9.00 am. to 6.00 pm.
  • Closed: Holiday

Contact to the University

Bangladesh University of Business and Technology Library

  • Mirpurl-2, 1216.
  • Phone:
  • Fax:
  • E-Mail: admin.library@bubt.edu.bd

Contact to the Library

Contact Person:

Md. Abdul Hakim Shah
Joint Librarian
PABX No:  113
Cell No: 01816332931
E-mail: official: admin.library@bubt.edu.bd
Personal: hakim.shah@bubt.edu.bd


BUBT Library

Copyright © 2021